Oldest Incorporated Places in California - Statistics

General Stats
  • This quiz has been taken 20 times
  • The average score is 8 of 15
Answer Stats
Incorporated City % Correct
February 27, 1850 Sacramento
100%
March 27, 1850 San Diego | San Jose | Benicia
100%
April 15, 1850 San Francisco
100%
April 4, 1850 Los Angeles
95%
May 4, 1852 Oakland
90%
April 9, 1850 Santa Barbara
80%
February 16, 1856 San Luis Obispo
55%
July 23, 1850 Stockton
55%
February 18, 1856 Eureka
35%
April 19, 1854 Alameda
30%
February 19, 1856 Nevada City
30%
July 5, 1852 Santa Clara
20%
May 1, 1851 Sonora
15%
February 5, 1851 Marysville
10%
April 13, 1854 Crescent City
0%
No matching quizzes found
Score Distribution
Percent of People with Each Score
Percentile by Number Answered
Your Score History
You have not taken this quiz